000
00228 a2200097 4500
001
62523
082
_a
954.9358 PAF
090
_c
37166
_d
37166
245
_a
The story of the Pakistan Air Force
260
_a
PAF
_b
PAF Book Club
942
_a
NUST-CAE
_k
954.9358 PAF
999
_c
297596
_d
297596